| 000 | 00776nam a22002177a 4500 | ||
|---|---|---|---|
| 005 | 20231221123238.0 | ||
| 010 | _aENG-138691 | ||
| 020 |
_c995.00 _a9788195022311 |
||
| 035 | _aEN-122223 | ||
| 037 | _bDBAD/PUB | ||
| 082 |
_a379.3 _21 |
||
| 100 |
_aAnuradha, R.V. _960109 |
||
| 245 |
_aEDUCATIONAL PLANNING AND NATIONAL EDUCATION POLICY/ _bBy R.V. ANURADHA; SANJAY KSHIRSAGAR & P. VENKATA CHARY |
||
| 250 | _a1 | ||
| 260 |
_aNew Delhi _bNeelkamal Publications _c2021 |
||
| 270 |
_a4764/1, 23, Ansari Road, Daryaganj _bNew Delhi _e110002 _k011-23244237 _k98118-28953 _mneelkamalbooks@gmail.com |
||
| 300 |
_a211p. _c25cm(hbk) |
||
| 700 |
_aKshirsagar,Sanjay _eAuthor _960069 |
||
| 700 |
_aChary,P.Venkata _eAuthor _960105 |
||
| 942 |
_2ddc _cEN _h379.3 _mANU _e1 |
||
| 999 |
_c199753 _d199753 |
||